[Event "EU-ch Rapid (Women)"]
[Site "Monaco"]
[Date "2024.01.14"]
[Round "8"]
[White "Salimova, Nurgyul"]
[Black "Unuk, Laura"]
[Result "1-0"]
[WhiteElo "2426"]
[BlackElo "2346"]
[PlyCount "101"]
[EventDate "2024.01.13"]
[EventType "swiss (rapid)"]
[EventRounds "11"]
[EventCountry "MNC"]
[SourceTitle "CB03_2024"]
[SourceDate "2024.01.17"]
[SourceVersion "1"]
[SourceVersionDate "2024.01.17"]
[SourceQuality "1"]

1. d4 d5 2. c4 e6 3. Nf3 Nf6 4. g3 Be7 5. Bg2 0-0 6. 0-0 a5 7. Nc3 c6 8. Bf4 dxc4 9. Ne5 Nd5 10. Nxc4 Nxf4 11. gxf4 Nd7 12. e3 Nb6 13. Nxb6 Qxb6 14. Qc2 Bd7 15. Be4 f5 16. Bf3 Rf6 17. Kh1 c5 18. d5 Kh8 19. Rad1 Bd6 20. dxe6 Bxe6 21. Rg1 Rd8 22. Qe2 Rff8 23. Nd5 Bxd5 24. Rxd5 Be7 25. Rgd1 Qc7 26. Qb5 Rxd5 27. Rxd5 Bd6 28. Qd3 c4 29. Qd4 Rf6 30. Rb5 b6 31. Rxb6 Bc5 32. Rxf6 gxf6 33. Qxf6+ Qg7 34. Qxf5 Bb4 35. Qc8+ Bf8 36. Bd5 Qe7 37. Qxc4 h6 38. e4 Qh4 39. Qc3+ Kh7 40. Qg3 Qxg3 41. fxg3 Kg6 42. Kg2 Bc5 43. Kf3 Bd4 44. b3 Kf6 45. e5+ Ke7 46. g4 Bg1 47. h4 Bc5 48. Ke4 Bb4 49. f5 Be1 50. f6+ Kf8 51. e6 1-0

[Event "EU-ch Rapid (Women)"]
[Site "Monaco"]
[Date "2024.01.13"]
[Round "3"]
[White "Unuk, Laura"]
[Black "Wagner, Dinara"]
[Result "1/2-1/2"]
[WhiteElo "2346"]
[BlackElo "2459"]
[PlyCount "58"]
[EventDate "2024.01.13"]
[EventType "swiss (rapid)"]
[EventRounds "11"]
[EventCountry "MNC"]
[SourceTitle "CB03_2024"]
[SourceDate "2024.01.17"]
[SourceVersion "1"]
[SourceVersionDate "2024.01.17"]
[SourceQuality "1"]

1. d4 Nf6 2. Nf3 d5 3. g3 Bf5 4. Bg2 h6 5. 0-0 e6 6. c4 c6 7. Nc3 Be7 8. Qb3 Qb6 9. c5 Qxb3 10. axb3 a6 11. b4 0-0 12. b5 cxb5 13. Nxb5 Nc6 14. Nc3 Nd7 15. Na4 Bf6 16. Rd1 Bc2 17. Rd2 Be4 18. e3 Rfb8 19. Nc3 Bg6 20. Bf1 b6 21. cxb6 Rxb6 22. Ne1 Nb4 23. Nd3 Nxd3 24. Bxd3 Bxd3 25. Rxd3 Rb3 26. Kf1 Bd8 27. Ke2 Rb6 28. Na4 Rc6 29. Bd2 Rac8 1/2-1/2

[Event "EU-ch Blitz (Women)"]
[Site "Monaco"]
[Date "2024.01.12"]
[Round "6"]
[White "Javakhishvili, Lela"]
[Black "Unuk, Laura"]
[Result "1/2-1/2"]
[WhiteElo "2433"]
[BlackElo "2346"]
[PlyCount "132"]
[EventDate "2024.01.12"]
[EventType "swiss (blitz)"]
[EventRounds "13"]
[EventCountry "MNC"]
[SourceTitle "CB03_2024"]
[SourceDate "2024.01.17"]
[SourceVersion "1"]
[SourceVersionDate "2024.01.17"]
[SourceQuality "1"]

1. d4 d5 2. Nf3 Nf6 3. g3 g6 4. Bg2 Bg7 5. 0-0 0-0 6. c4 c6 7. a4 a5 8. cxd5 cxd5 9. Qb3 Nc6 10. Nc3 Ra6 11. Bd2 Rb6 12. Nb5 Bf5 13. Rfc1 Ne4 14. Bf4 Qd7 15. Qa3 h6 16. Ne5 Nxe5 17. dxe5 Rc6 18. Nd4 Rxc1+ 19. Rxc1 g5 20. Be3 Bxe5 21. Nxf5 Qxf5 22. Qxe7 Bxb2 23. Rb1 Bf6 24. Qxb7 Nc3 25. Re1 d4 26. Bd2 Re8 27. e4 dxe3 28. Bxe3 Kg7 29. Qc6 Re6 30. Qc4 Qc2 31. Bf3 Qa2 32. Qxa2 Nxa2 33. Kg2 Nc3 34. Ra1 Rd6 35. Ra3 Re6 36. Bh5 Re4 37. Rb3 Rxa4 38. Rb7 Bd4 39. Rxf7+ Kg8 40. Bd2 Ne4 41. Be1 Ra2 42. Rd7 Bxf2 43. Kf3 Bxe1 44. Kxe4 Rf2 45. h3 Bb4 46. Bg4 a4 47. Be6+ Kf8 48. Ra7 a3 49. g4 Be7 50. Bf5 Kf7 51. Ke5 Re2+ 52. Kd5 Rd2+ 53. Ke5 Re2+ 54. Kd5 Re3 55. Kd4 Rxh3 56. Be4 Rh2 57. Bd5+ Kf6 58. Ra6+ Kg7 59. Ra7 Kf6 60. Ra6+ Kg7 61. Ra7 Re2 62. Be4 Kf7 63. Bd5+ Kf6 64. Ra6+ Kg7 65. Ra7 Kf6 66. Ra6+ Kg7 1/2-1/2

[Event "EU-ch Blitz (Women)"]
[Site "Monaco"]
[Date "2024.01.12"]
[Round "13"]
[White "Unuk, Laura"]
[Black "Hrebenshchykova, Yelyzaveta"]
[Result "1-0"]
[WhiteElo "2346"]
[BlackElo "2275"]
[PlyCount "69"]
[EventDate "2024.01.12"]
[EventType "swiss (blitz)"]
[EventRounds "13"]
[EventCountry "MNC"]
[SourceTitle "CB03_2024"]
[SourceDate "2024.01.17"]
[SourceVersion "1"]
[SourceVersionDate "2024.01.17"]
[SourceQuality "1"]

1. d4 Nf6 2. Nc3 d5 3. Bf4 a6 4. e3 e6 5. g4 Bd6 6. g5 Nfd7 7. Bxd6 cxd6 8. h4 Nc6 9. Qd2 b5 10. 0-0-0 Nb6 11. e4 b4 12. Nb1 dxe4 13. f3 exf3 14. Nxf3 d5 15. Bd3 Qe7 16. Qf4 Bb7 17. Rhf1 f6 18. Nbd2 0-0-0 19. Nb3 e5 20. dxe5 fxe5 21. Bf5+ Kb8 22. Qh2 g6 23. Bh3 Ka7 24. Rfe1 e4 25. Nfd4 Ne5 26. Na5 Ba8 27. Qxe5 Qxe5 28. Nac6+ Bxc6 29. Nxc6+ Kb7 30. Nxe5 Rhe8 31. Ng4 Nc4 32. Nf6 Re5 33. Nd7 Re7 34. Rxd5 Rde8 35. Rd4 1-0

[Event "EU-ch Blitz (Women)"]
[Site "Monaco"]
[Date "2024.01.12"]
[Round "1"]
[White "Unuk, Laura"]
[Black "Piddubna, Bozhena"]
[Result "1-0"]
[WhiteElo "2346"]
[BlackElo "2035"]
[PlyCount "79"]
[EventDate "2024.01.12"]
[EventType "swiss (blitz)"]
[EventRounds "13"]
[EventCountry "MNC"]
[SourceTitle "CB03_2024"]
[SourceDate "2024.01.17"]
[SourceVersion "1"]
[SourceVersionDate "2024.01.17"]
[SourceQuality "1"]

1. d4 Nf6 2. Nc3 d5 3. Bf4 c6 4. e3 Nbd7 5. Nf3 e6 6. Bd3 Be7 7. Ne5 Bd6 8. Nxf7 Kxf7 9. Bxd6 Re8 10. g4 e5 11. Bf5 exd4 12. Qxd4 g6 13. Bxd7 Qxd7 14. Bf4 Qxg4 15. Kd2 Qf3 16. Raf1 Bh3 17. Kc1 Bxf1 18. Rxf1 Ne4 19. Nxe4 Rxe4 20. Qd3 Rae8 21. Qb3 b6 22. Qc3 Qe2 23. Rd1 R8e6 24. Qa3 a6 25. Qb3 Qb5 26. Qc3 Qc5 27. Qh8 Re8 28. Qxh7+ Ke6 29. Qxg6+ Kd7 30. Qf5+ R4e6 31. h4 Rf8 32. Qg4 Rfe8 33. h5 Kc8 34. h6 Kb7 35. h7 Qe7 36. Rh1 Rh8 37. Qf5 Rf6 38. Qe5 Rxh7 39. Rxh7 Qxh7 40. Qb8# 1-0

[Event "EU-chT (Women) 24th"]
[Site "Budva"]
[Date "2023.11.19"]
[Round "8.9"]
[White "Unuk, Laura"]
[Black "Narva, Mai"]
[Result "1-0"]
[WhiteElo "2310"]
[BlackElo "2387"]
[PlyCount "69"]
[EventDate "2023.11.11"]
[EventType "team-swiss"]
[EventRounds "9"]
[EventCountry "MNE"]
[SourceTitle "CB47_2023"]
[SourceDate "2023.11.22"]
[SourceVersion "1"]
[SourceVersionDate "2023.11.22"]
[SourceQuality "1"]
[WhiteTeam "Slovenia (W)"]
[BlackTeam "Estonia (W)"]
[WhiteTeamCountry "SLO"]
[BlackTeamCountry "EST"]

1. d4 Nf6 2. Nc3 d5 3. Bf4 a6 4. e3 h6 5. Bd3 c5 6. dxc5 Nc6 7. Nf3 Bg4 8. Qd2 Bxf3 9. gxf3 e5 10. Bg3 Bxc5 11. 0-0-0 Bb4 12. a3 Ba5 13. Bf5 Qe7 14. b4 Nxb4 15. axb4 Bxb4 16. Qd3 Rd8 17. Nb1 0-0 18. Rhg1 Kh8 19. Bh4 Rg8 20. Rg2 g5 21. Bg3 Rd6 22. Rh1 Rb6 23. h4 g4 24. fxg4 Ba5 25. g5 Qb4 26. Qb3 Qc5 27. Qa4 d4 28. gxf6 dxe3 29. Bd3 Rb4 30. Qa2 e4 31. Be2 Rc8 32. Rd1 Rd4 33. Rxd4 Qxd4 34. Qxa5 Rc5 35. Qa3 1-0

[Event "SRB-chT (Women) Div1"]
[Site "Senta"]
[Date "2023.10.18"]
[Round "9.2"]
[White "Unuk, Laura"]
[Black "Aydin, Gulenay"]
[Result "1-0"]
[WhiteElo "2313"]
[BlackElo "2143"]
[PlyCount "145"]
[EventDate "2023.10.10"]
[EventType "team-tourn"]
[EventRounds "11"]
[EventCountry "SRB"]
[SourceTitle "Mega2024 Update 01"]
[Source "Chessbase"]
[SourceDate "2023.11.12"]
[SourceVersion "1"]
[SourceVersionDate "2023.11.12"]
[SourceQuality "1"]
[WhiteTeam "Kac Jugovic (W)"]
[BlackTeam "Lucani Mladost (W)"]
[WhiteTeamCountry "SRB"]
[BlackTeamCountry "SRB"]

1. Nf3 Nf6 2. g3 g6 3. Bg2 Bg7 4. d4 0-0 5. 0-0 d6 6. c4 Nc6 7. Nc3 a6 8. b3 Bf5 9. Bb2 e5 10. e3 Re8 11. d5 Nb8 12. h3 a5 13. Qe2 Na6 14. e4 Bd7 15. Ne1 Nc5 16. Nd3 Nxd3 17. Qxd3 Nh5 18. Qe2 Rf8 19. Kh2 Qe8 20. Bf3 Nf6 21. Bc1 Kh8 22. Bg2 Nh5 23. Bf3 Nf6 24. Rg1 Ng8 25. g4 Qe7 26. Bd2 h6 27. Rg3 Bf6 28. Rag1 Bh4 29. R3g2 Bg5 30. Be3 Kg7 31. Qd2 Qf6 32. Bd1 Ne7 33. Ne2 b6 34. f4 exf4 35. Bd4 f3 36. Bxf6+ Bxf6 37. Rf2 fxe2 38. Rxf6 exd1Q 39. Qxd1 Ng8 40. Rf3 f6 41. Qd4 g5 42. a3 Rfe8 43. Rgf1 Re5 44. b4 axb4 45. axb4 Be8 46. Rf5 Bg6 47. Rxe5 fxe5 48. Qd3 Nf6 49. Re1 Ra4 50. Qb3 Ra7 51. Qc2 Nd7 52. Qb2 Ra8 53. Ra1 Rc8 54. Ra7 Nf6 55. c5 Kg8 56. Qa1 bxc5 57. Ra8 Rxa8 58. Qxa8+ Ne8 59. bxc5 Kf8 60. Qc8 Bf7 61. Kg3 Kg7 62. Kf3 Kf8 63. Ke3 Kg7 64. Qd7 Kf8 65. c6 Kg7 66. Qe7 Kg8 67. Kd3 Kg7 68. Kc4 Kg8 69. Kb5 Kg7 70. Ka6 Kg8 71. Kb7 Kg7 72. Kc8 Kg8 73. Kd8 1-0

[Event "Eindhoven Dutch (Women) Top 10 op"]
[Site "Eindhoven"]
[Date "2023.08.17"]
[Round "8"]
[White "Papp, Petra"]
[Black "Unuk, Laura"]
[Result "1/2-1/2"]
[WhiteElo "2335"]
[BlackElo "2320"]
[PlyCount "83"]
[EventDate "2023.08.10"]
[EventType "tourn"]
[EventRounds "9"]
[EventCountry "NED"]
[EventCategory "3"]
[SourceTitle "CBM 215 Extra"]
[Source "ChessBase"]
[SourceDate "2023.09.30"]
[SourceVersion "1"]
[SourceVersionDate "2023.09.30"]
[SourceQuality "1"]

1. e4 e5 2. Nf3 Nc6 3. Nc3 Nf6 4. d4 exd4 5. Nxd4 Bb4 6. Nxc6 bxc6 7. Bd3 0-0 8. 0-0 d5 9. exd5 Bg4 10. f3 Bh5 11. dxc6 Qd4+ 12. Kh1 Bxc3 13. bxc3 Qxc3 14. Rb1 Bg6 15. Rb3 Qxc6 16. Bb2 Rad8 17. Qa1 Bxd3 18. cxd3 Rfe8 19. Rc1 Qe6 20. Bxf6 gxf6 21. h3 Re7 22. Qc3 Qf5 23. Qb4 Red7 24. Qg4+ Qxg4 25. hxg4 Rxd3 26. Rxc7 Rxb3 27. axb3 Rb8 28. Rxa7 Rxb3 29. Kh2 Kg7 30. Kg3 Rb2 31. Ra8 Rd2 32. Rb8 Rc2 33. Ra8 Rd2 34. Rb8 Rc2 35. Rb5 h6 36. Ra5 Rb2 37. Rc5 Ra2 38. Rb5 Rc2 39. Rd5 Ra2 40. Rd4 Rb2 41. Rd5 Ra2 42. Rc5 1/2-1/2

[Event "Eindhoven Dutch (Women) Top 10 op"]
[Site "Eindhoven"]
[Date "2023.08.13"]
[Round "4"]
[White "Kanyamarala, Trisha"]
[Black "Unuk, Laura"]
[Result "0-1"]
[WhiteElo "2344"]
[BlackElo "2320"]
[PlyCount "106"]
[EventDate "2023.08.10"]
[EventType "tourn"]
[EventRounds "9"]
[EventCountry "NED"]
[EventCategory "3"]
[SourceTitle "CBM 215 Extra"]
[Source "ChessBase"]
[SourceDate "2023.09.30"]
[SourceVersion "1"]
[SourceVersionDate "2023.09.30"]
[SourceQuality "1"]

1. d4 d5 2. c4 e6 3. Nc3 a6 4. cxd5 exd5 5. Nf3 Nf6 6. Bg5 Be6 7. Bxf6 Qxf6 8. Qb3 Ra7 9. a3 Qd8 10. e3 Bd6 11. Bd3 0-0 12. Qc2 h6 13. 0-0 Nd7 14. h3 Ra8 15. Rad1 Rc8 16. b4 b5 17. Nd2 c6 18. Nb3 Qe7 19. Rde1 f5 20. f3 Kh8 21. Ne2 Qf7 22. Nf4 g5 23. Nxe6 Qxe6 24. e4 fxe4 25. fxe4 Rxf1+ 26. Bxf1 Bg3 27. Re3 Bf4 28. Re2 Rf8 29. Qd3 Qg6 30. Nc5 Nxc5 31. dxc5 Be5 32. Re3 Qg7 33. Rf3 d4 34. Be2 Bf4 35. Bd1 Be3+ 36. Kh1 Rxf3 37. Bxf3 Qe5 38. Qf1 Qg3 39. Be2 Bf4 40. Kg1 Qh2+ 41. Kf2 Qg3+ 42. Kg1 Qxa3 43. Bh5 Kg7 44. e5 Qe3+ 45. Kh1 Qg3 46. Kg1 Qe3+ 47. Kh1 d3 48. e6 d2 49. Be2 Qg3 50. Kg1 Be3+ 51. Kh1 Qe1 52. e7 Qxf1+ 53. Bxf1 d1Q 0-1

[Event "Eindhoven Dutch (Women) Top 10 op"]
[Site "Eindhoven"]
[Date "2023.08.11"]
[Round "2"]
[White "Avramidou, Anastasia"]
[Black "Unuk, Laura"]
[Result "1-0"]
[WhiteElo "2321"]
[BlackElo "2320"]
[PlyCount "117"]
[EventDate "2023.08.10"]
[EventType "tourn"]
[EventRounds "9"]
[EventCountry "NED"]
[EventCategory "3"]
[SourceTitle "CBM 215 Extra"]
[Source "ChessBase"]
[SourceDate "2023.09.30"]
[SourceVersion "1"]
[SourceVersionDate "2023.09.30"]
[SourceQuality "1"]

1. e4 c6 2. d4 d5 3. e5 c5 4. dxc5 e6 5. c3 Bxc5 6. Qg4 g6 7. Nf3 Nd7 8. Bd3 Qc7 9. Qg3 Ne7 10. 0-0 Nc6 11. Re1 Bf8 12. Bf4 Nc5 13. Bc2 Ne7 14. Nbd2 Bd7 15. Nd4 Qc8 16. Bg5 Bg7 17. Bxe7 Kxe7 18. c4 Rd8 19. cxd5 exd5 20. Rac1 Qb8 21. Bxg6 hxg6 22. Rxc5 Kf8 23. Rxd5 Bf5 24. Nxf5 gxf5 25. Rxd8+ Qxd8 26. Nc4 Qd5 27. Nd6 Qd2 28. Qe3 Qxe3 29. Rxe3 f4 30. Re4 Rd8 31. h4 Bxe5 32. Rxe5 Rxd6 33. Re4 Rd1+ 34. Kh2 Rd2 35. Rxf4 Rxb2 36. a3 a5 37. f3 b5 38. Rf5 Rb3 39. a4 bxa4 40. Rxa5 a3 41. Kg3 Kg7 42. Ra6 Rc3 43. h5 Rb3 44. Kh4 Rb2 45. g4 a2 46. g5 Rb4+ 47. Kg3 Rb2 48. f4 Kg8 49. Ra7 Rc2 50. Kg4 Rb2 51. g6 fxg6 52. hxg6 Kf8 53. Kg5 Rf2 54. f5 Rb2 55. Ra8+ Ke7 56. f6+ Ke6 57. f7 Rf2 58. Rxa2 Rf5+ 59. Kh6 1-0